00000000nam##2200000za#4500
0019.593675
003CaOODSP
00520210624201955
007cr |||||||||||
008150406|2002||||xxc|||||o    f|0| 0 fre|d
040 |aCaOODSP|bfre
043 |an-cn---
0861 |aYM32-6/01-28F-PDF
24503|aLe terrorisme chimique / |h[ressource électronique]|c[par] François Côté et Geneviève Smith.
260 |bBibliothèque du Parlement. |cLe 15 janvier 2002.
300 |a19p.|btableau
4901 |a[Les études générales modulaires]|vPRB 01-28F
590 |a07-01-Supp|b2007-01-31
69107|aSubstance chimique|2gcpds
69107|aTerrorisme|2gcpds
7101 |aCanada.|bBibliothèque du Parlement. |bDirection de la recherche parlementaire.
7201 |aCôté, François
7201 |aSmith, Geneviève
77508|tChemoterrorism / |w(CaOODSP)9.561013
830#0|a[Les études générales modulaires]|vPRB 01-28F|w(CaOODSP)9.501321
85640|ahttp://publications.gc.ca|qPDF|s179 Ko|uhttps://publications.gc.ca/collections/Collection-R/LoPBdP/PRB-f/PRB0128-f.pdf|yPRB 01-28F